000 00435nam a22001697a 4500
005 20230112113258.0
008 220208b ||||| |||| 00| 0 eng d
020 _a81-239-0570-X
041 _aeng
082 _a615.1
100 _aSIDDIQUI, ANEES. AHMAD AND ALI, MOHAMMED
_96980
245 _aPRACTICAL PHARMACEUTICAL CHEMISTRY
260 _aNEW DELHI
_bCBS
300 _a160;p
650 _aPHARMACY
_xB.PHARMA
_97083
942 _cBK
999 _c7863
_d7861